000 00431nam a22001577a 4500
999 _c17569
_d17569
003 OSt
005 20221109153248.0
008 221108b ||||| |||| 00| 0 eng d
040 _c0
100 _aValenzuela, Nikka G.
_946682
245 _aHike in crimes involving Chinese alarms PRC officials /
260 _aPhilippines ;
_cDecember 18, 2019.
_bInquirer,
300 _apage A8.
650 _aCrimes.
_946689
942 _2ddc
_cPER